[Event "4NCL Division 3"]
[Site "Daventry Court ENG"]
[Date "2015.05.04"]
[Round "11.34"]
[White "Mao, Zhongquan"]
[Black "Homer, Neil S"]
[Result "0-1"]
[WhiteElo "1300"]
[BlackElo "1761"]
[PlyCount "60"]
[EventDate "2015.05.04"]
[WhiteTeam "KJCA Knights"]
[BlackTeam "e2e4.org.uk 5"]

1. d4 d5 2. c4 e6 3. Nf3 c5 4. e3 Nf6 5. Nbd2 Nc6 6. b3 cxd4 7. exd4 Bb4 8. Bb2
O-O 9. Bd3 Bd7 10. O-O Bd6 11. cxd5 exd5 12. Ne5 Rc8 13. Rc1 Be6 14. Bb5 Ne7
15. Ndf3 Qb6 16. Qd3 Ng6 17. Ng5 Nf4 18. Qe3 Nxg2 19. Kxg2 Qxb5 20. f4 Bf5 21.
Rfd1 Be4+ 22. Kg1 Rxc1 23. Rxc1 h6 24. Nexf7 Rxf7 25. Nxf7 Kxf7 26. Qd2 Qd3 27.
Qxd3 Bxd3 28. Rc3 Be4 29. Bc1 Nh5 30. Rc2 Bxc2 0-1

[Event "4NCL Division 3"]
[Site "Daventry Court ENG"]
[Date "2015.05.04"]
[Round "11.39"]
[White "Jackson, Gary C"]
[Black "Ogunshola, Ben"]
[Result "0-1"]
[WhiteElo "1849"]
[BlackElo "2153"]
[PlyCount "86"]
[EventDate "2015.05.04"]
[WhiteTeam "Banbury Bulldogs"]
[BlackTeam "The Pitstop"]

1. e4 c5 2. Nf3 d6 3. d4 cxd4 4. Nxd4 Nf6 5. Nc3 e6 6. Be3 Be7 7. f3 a6 8. Qd2
b5 9. g4 Bb7 10. h4 Nc6 11. h5 Qc7 12. g5 Nd7 13. O-O-O Nxd4 14. Bxd4 O-O-O 15.
Bh3 Ne5 16. Qe3 Kb8 17. Bb6 Qc6 18. Bxd8 Rxd8 19. Bf1 Rc8 20. Rd2 b4 21. Nd1
Bxg5 22. Qxg5 Nxf3 23. Qf4 Nxd2 24. Qxd2 Qxe4 25. Qxd6+ Ka7 26. Rh2 e5 27. Qd2
g6 28. Bg2 Qc4 29. b3 Qc5 30. Bxb7 Kxb7 31. Qf2 f5 32. Qxc5 Rxc5 33. Ne3 e4 34.
Nc4 g5 35. Rd2 Kc7 36. Rd4 h6 37. Kd1 Rc6 38. Ke2 Re6 39. Ne3 f4 40. Ng4 e3 41.
Nh2 a5 42. Nf1 f3+ 43. Ke1 e2 0-1

[Event "4NCL Division 3"]
[Site "Daventry Court ENG"]
[Date "2015.05.04"]
[Round "11.40"]
[White "Froom, Oliver"]
[Black "Price, Andrew"]
[Result "1/2-1/2"]
[WhiteElo "1967"]
[BlackElo "1829"]
[PlyCount "50"]
[EventDate "2015.05.04"]
[WhiteTeam "The Pitstop"]
[BlackTeam "Banbury Bulldogs"]

1. e4 e6 2. d3 c5 3. Nf3 Nc6 4. g3 g6 5. Bg2 Bg7 6. O-O Nge7 7. c3 Qb6 8. Nbd2
O-O 9. Qe2 d6 10. a4 Bd7 11. Rd1 Rac8 12. Nc4 Qc7 13. Be3 b6 14. Qd2 Rfd8 15.
Bh6 d5 16. exd5 Nxd5 17. Bxg7 Kxg7 18. h4 Nf6 19. Qe2 Be8 20. Bh3 h5 21. Re1
Qe7 22. Ng5 Bd7 23. Bg2 Be8 24. Bh3 Bd7 25. Bg2 Be8 1/2-1/2

[Event "4NCL Division 3"]
[Site "Daventry Court ENG"]
[Date "2015.05.04"]
[Round "11.41"]
[White "Evans, Chris John"]
[Black "Fernando, Manel"]
[Result "1-0"]
[WhiteElo "1796"]
[BlackElo "1627"]
[PlyCount "63"]
[EventDate "2015.05.04"]
[WhiteTeam "Banbury Bulldogs"]
[BlackTeam "The Pitstop"]

1. e4 c5 2. Nf3 d6 3. d4 a6 4. dxc5 Qa5+ 5. Nc3 Qxc5 6. Be3 Qa5 7. Qd5 Qb4 8.
Qb3 Nc6 9. Bc4 Qxb3 10. axb3 Nf6 11. Nb5 Rb8 12. Nc7+ Kd8 13. Bb6 Kd7 14. Bxf7
e5 15. O-O-O Nxe4 16. Nd5 Be7 17. Rhe1 Rf8 18. Bh5 Nxf2 19. Bxf2 Bd8 20. Bb6
Bxb6 21. Nxb6+ Kc7 22. Nd5+ Kd7 23. Ng5 h6 24. Nf7 Nd4 25. Nb6+ Kc6 26. Nxc8
Rbxc8 27. c3 Nxb3+ 28. Kc2 Nc5 29. Rxd6+ Kb5 30. Be2+ Ka5 31. Ra1+ Na4 32. b4#
1-0

[Event "4NCL Division 3"]
[Site "Daventry Court ENG"]
[Date "2015.05.04"]
[Round "11.43"]
[White "Bowman, Kevin"]
[Black "Faizi, Tariq"]
[Result "1-0"]
[WhiteElo "1727"]
[BlackElo "1435"]
[PlyCount "104"]
[EventDate "2015.05.04"]
[WhiteTeam "Banbury Bulldogs"]
[BlackTeam "The Pitstop"]

1. c4 e5 2. b3 g6 3. Bb2 Bg7 4. Nf3 d6 5. g3 Ne7 6. d3 Nbc6 7. Bg2 O-O 8. Nbd2
Be6 9. O-O Qd7 10. Ng5 h6 11. Nxe6 Qxe6 12. Ne4 Kh7 13. Qd2 f5 14. Nc3 f4 15.
Ne4 Rf7 16. a3 Raf8 17. b4 Nd4 18. Bxd4 exd4 19. a4 Nf5 20. Qxf4 Ne3 21. Qh4
Qg4 22. fxe3 Rxf1+ 23. Rxf1 Qxe2 24. Ng5+ Kg8 25. Rxf8+ Bxf8 26. Bd5+ Kh8 27.
Nf3 Kh7 28. Ng5+ Kh8 29. Qxd4+ Bg7 30. Nf7+ Kh7 31. Qf4 Qxd3 32. Bxb7 Qb1+ 33.
Kg2 Qxb4 34. Bc6 Qb6 35. Nd8 Qb2+ 36. Kh3 Bf6 37. Ne6 Qc3 38. Be4 Qe5 39. Qxe5
Bxe5 40. Nxc7 Kg7 41. a5 Bc3 42. a6 Bb4 43. Nb5 Bc5 44. Kg4 Kf6 45. Bd5 h5+ 46.
Kf4 g5+ 47. Ke4 Kg6 48. h3 Kf6 49. g4 hxg4 50. hxg4 Kg6 51. Be6 Kf6 52. Kd5 Ke7
1-0

[Event "4NCL Division 3"]
[Site "Daventry Court ENG"]
[Date "2015.05.04"]
[Round "11.44"]
[White "Peerless, Darren"]
[Black "Rumsby, Stephen"]
[Result "1/2-1/2"]
[WhiteElo "1375"]
[BlackElo "1577"]
[PlyCount "74"]
[EventDate "2015.05.04"]
[WhiteTeam "The Pitstop"]
[BlackTeam "Banbury Bulldogs"]

1. Nf3 g6 2. g3 Bg7 3. Bg2 d5 4. d4 Nf6 5. Nbd2 Bg4 6. c3 Nc6 7. Qc2 Qc8 8. e4
dxe4 9. Nxe4 Nxe4 10. Qxe4 Bf5 11. Qe2 O-O 12. O-O Bg4 13. Bf4 e5 14. dxe5 Re8
15. Qb5 a6 16. Qc5 Bxf3 17. Bxf3 Nxe5 18. Bxe5 Rxe5 19. Qc4 b5 20. Qd3 Rb8 21.
Rfe1 Qe6 22. Rxe5 Qxe5 23. Kf1 c5 24. Re1 Qc7 25. Re2 Rd8 26. Qe4 Bf6 27. Qc6
Qd6 28. Qxd6 Rxd6 29. Ke1 Re6 30. Rxe6 fxe6 31. Bb7 a5 32. Bc6 b4 33. Kd2 Kf7
34. Kd3 Ke7 35. Kc4 Kd6 36. Be4 bxc3 37. bxc3 a4 1/2-1/2

[Event "4NCL Division 3"]
[Site "Daventry Court ENG"]
[Date "2015.05.04"]
[Round "11.49"]
[White "Skulte, Chris"]
[Black "Atalla, George"]
[Result "1-0"]
[WhiteElo "2012"]
[BlackElo "1525"]
[PlyCount "57"]
[EventDate "2015.05.04"]
[WhiteTeam "Celtic Tigers 2"]
[BlackTeam "Barnet Knights 3"]

1. e4 c5 2. Nf3 Nc6 3. d4 cxd4 4. Nxd4 e5 5. Nb5 a6 6. Nd6+ Bxd6 7. Qxd6 Qf6 8.
Qd1 Qg6 9. Nc3 Nf6 10. f3 O-O 11. Be3 b5 12. a4 b4 13. Nd5 Rb8 14. Bc5 Re8 15.
Kf2 Nxd5 16. Qxd5 Qe6 17. Rd1 Qxd5 18. Rxd5 Re6 19. Bc4 Na5 20. Ba7 Rb7 21.
Rxa5 Rc6 22. Rxe5 g6 23. Re8+ Kg7 24. Bd4+ f6 25. b3 Rd6 26. Bc5 Rd2+ 27. Ke3
Rxg2 28. Bf8+ Kh8 29. Bh6# 1-0

[Event "4NCL Division 3"]
[Site "Daventry Court ENG"]
[Date "2015.05.04"]
[Round "11.50"]
[White "Hung, Dylan"]
[Black "Buttell, David"]
[Result "0-1"]
[WhiteElo "1450"]
[BlackElo "1797"]
[PlyCount "102"]
[EventDate "2015.05.04"]
[WhiteTeam "Barnet Knights 3"]
[BlackTeam "Celtic Tigers 2"]

1. c4 e5 2. g3 Nc6 3. Bg2 g6 4. Nc3 Bg7 5. d3 d6 6. e4 Nge7 7. Be3 O-O 8. Qd2
Nd4 9. O-O-O c5 10. Bh6 f6 11. Nge2 Nec6 12. Bxg7 Kxg7 13. Nd5 Bg4 14. Rde1
Bxe2 15. Rxe2 Nxe2+ 16. Qxe2 Nd4 17. Qd2 Rb8 18. f4 b5 19. h4 h6 20. g4 b4 21.
g5 fxg5 22. fxg5 h5 23. b3 Rb7 24. Nf6 Rbf7 25. Qd1 Rxf6 26. gxf6+ Qxf6 27. Bf1
Qf2 28. Kb1 Rf4 29. Bh3 Rxh4 30. Rf1 Qe2 31. Bd7 Qxd1+ 32. Rxd1 Rf4 33. Rd2 Kh6
34. Kb2 g5 35. a3 a5 36. axb4 axb4 37. Rh2 h4 38. Rg2 Rf3 39. Rd2 Re3 40. Bg4
Rg3 41. Bd7 g4 42. Rf2 h3 43. Rf6+ Kg7 44. Rf2 Rg2 45. Rxg2 hxg2 46. Bxg4 g1=Q
47. Bd1 Qe1 48. Kc1 Nxb3+ 49. Kb2 Qc3+ 50. Kb1 Nd2+ 51. Ka2 Qa3# 0-1

[Event "4NCL Division 3"]
[Site "Daventry Court ENG"]
[Date "2015.05.04"]
[Round "11.51"]
[White "Wagner, Guy"]
[Black "Klingher, Cameron"]
[Result "1-0"]
[WhiteElo "1821"]
[BlackElo "1442"]
[PlyCount "131"]
[EventDate "2015.05.04"]
[WhiteTeam "Celtic Tigers 2"]
[BlackTeam "Barnet Knights 3"]

1. Nf3 d5 2. d4 Nf6 3. e3 Bg4 4. c4 e6 5. Qb3 Qe7 6. Qxb7 Qb4+ 7. Qxb4 Bxb4+ 8.
Bd2 Bxd2+ 9. Nbxd2 Bf5 10. Rc1 c6 11. Ne5 O-O 12. Be2 Rc8 13. g4 Bg6 14. cxd5
exd5 15. f4 Be4 16. Nxe4 Nxe4 17. Bf3 Nd6 18. g5 Kf8 19. Kf2 a5 20. Rc2 f6 21.
gxf6 gxf6 22. Nd3 Nd7 23. Rhc1 Ne4+ 24. Bxe4 dxe4 25. Nc5 Nxc5 26. Rxc5 Rab8
27. R1c2 a4 28. R5c4 Rb5 29. Rxa4 Rh5 30. Kg3 Ke7 31. Ra7+ Kd6 32. Rg7 h6 33.
Rg6 Rf8 34. Kg4 Ra5 35. a3 h5+ 36. Kh4 Rb5 37. h3 Rb3 38. Rg3 Rfb8 39. Rcg2 Kd5
40. Kxh5 R3b7 41. h4 f5 42. Rg7 Rxg7 43. Rxg7 Rxb2 44. Kg6 Rh2 45. h5 Ke6 46.
h6 Rg2+ 47. Kh7 Rh2 48. Rg6+ Kf7 49. Rxc6 Rg2 50. Rc7+ Kf6 51. a4 Rg3 52. Rc3
Rg1 53. Rc6+ Kf7 54. Rc7+ Kf6 55. a5 Re1 56. Kg8 Rxe3 57. h7 Rg3+ 58. Kf8 Rh3
59. a6 e3 60. a7 e2 61. a8=Q e1=Q 62. Rc6+ Qe6 63. Qd8+ Kg6 64. Rxe6+ Kxh7 65.
Qd7+ Kh8 66. Qg7# 1-0

[Event "4NCL Division 3"]
[Site "Daventry Court ENG"]
[Date "2015.05.04"]
[Round "11.52"]
[White "Morris, Brian"]
[Black "Essinger, James"]
[Result "0-1"]
[WhiteElo "1300"]
[BlackElo "1723"]
[PlyCount "80"]
[EventDate "2015.05.04"]
[WhiteTeam "Barnet Knights 3"]
[BlackTeam "Celtic Tigers 2"]

1. d4 Nf6 2. c4 g6 3. Nc3 c5 4. d5 d6 5. Bg5 Bg7 6. e4 h6 7. Bxf6 Bxf6 8. Bd3
Bg7 9. Nge2 a6 10. O-O O-O 11. f4 Nd7 12. Qc2 Kh7 13. Rf3 Rb8 14. Raf1 b5 15.
cxb5 axb5 16. Nxb5 Qb6 17. a4 c4+ 18. Kh1 cxd3 19. Rxd3 Ba6 20. Rb3 Nc5 21. Rb4
Qa5 22. Qc4 Rfc8 23. Rb1 Nd3 24. Qxd3 Qxb4 25. f5 Bxb5 26. axb5 Qxb5 27. fxg6+
fxg6 28. Qd2 Qb4 29. Qxb4 Rxb4 30. Nf4 Rxb2 31. Rf1 Rcb8 32. Kg1 Bd4+ 33. Kh1
Rb1 34. h3 Rxf1+ 35. Kh2 Be5 36. Kg3 Rb3+ 37. Kh4 g5+ 38. Kh5 Rxf4 39. g3 Rxg3
40. h4 Rxh4# 0-1

[Event "4NCL Division 3"]
[Site "Daventry Court ENG"]
[Date "2015.05.04"]
[Round "11.53"]
[White "Stampe, Chris"]
[Black "Balouka-Myers, Toby"]
[Result "1-0"]
[WhiteElo "1720"]
[BlackElo "1367"]
[PlyCount "65"]
[EventDate "2015.05.04"]
[WhiteTeam "Celtic Tigers 2"]
[BlackTeam "Barnet Knights 3"]

1. e4 e6 2. f4 d5 3. e5 c5 4. c3 Nc6 5. Nf3 Bd7 6. Na3 Na5 7. Nc2 c4 8. d4 Bc6
9. g3 Qd7 10. Bg2 Ba4 11. Qe2 Nh6 12. Ne3 Be7 13. O-O O-O 14. g4 Qe8 15. Ng5 f5
16. Nxe6 Rf7 17. g5 Ng4 18. Nxd5 Bxg5 19. Nxg5 Rd7 20. h3 Bc6 21. hxg4 fxg4 22.
Qxg4 Bxd5 23. Bxd5+ Rxd5 24. f5 h6 25. Ne6 Qf7 26. Bxh6 Rd7 27. Bd2 Re8 28.
Rae1 Ree7 29. Nc5 Rc7 30. Ne4 Nc6 31. Ng5 Qe8 32. Qh4 g6 33. f6 1-0

[Event "4NCL Division 3"]
[Site "Daventry Court ENG"]
[Date "2015.05.04"]
[Round "11.54"]
[White "Balouka-Myers, Raphael"]
[Black "Kitchen, Mike"]
[Result "0-1"]
[WhiteElo "1300"]
[BlackElo "1540"]
[PlyCount "72"]
[EventDate "2015.05.04"]
[WhiteTeam "Barnet Knights 3"]
[BlackTeam "Celtic Tigers 2"]

1. c4 Nf6 2. Nc3 d6 3. g3 c6 4. Bg2 e5 5. e3 Nbd7 6. Nge2 Be7 7. O-O Qc7 8. d4
O-O 9. Qc2 Re8 10. b3 Nf8 11. Ba3 b6 12. Ne4 Bf5 13. Nxf6+ Bxf6 14. Qxf5 exd4
15. Be4 Re5 16. Qf3 Rc8 17. Nxd4 Ne6 18. Nf5 Ng5 19. Qg2 Nxe4 20. Nd4 Qd7 21.
Rac1 Nc5 22. Bxc5 Rxc5 23. b4 Re5 24. Nxc6 Rxc6 25. Rfd1 Rc8 26. f4 Rxe3 27. c5
bxc5 28. bxc5 Rc3 29. Rxc3 Bxc3 30. Rxd6 Qe7 31. Qh3 Qe8 32. Kg2 Qe4+ 33. Kf1
Re8 34. Rd1 Qf3+ 35. Kg1 Qxd1+ 36. Kg2 Re2+ 0-1

[Event "4NCL Division 3"]
[Site "Daventry Court ENG"]
[Date "2015.05.04"]
[Round "11.191"]
[White "Ireland, David J"]
[Black "Jayawarna, Nugith"]
[Result "1-0"]
[WhiteElo "1909"]
[BlackElo "1870"]
[PlyCount "147"]
[EventDate "2015.05.04"]
[WhiteTeam "Throw in the Tal"]
[BlackTeam "Midland Monarchs 2"]

1. e4 c5 2. Nc3 Nc6 3. f4 g6 4. Nf3 Bg7 5. Bb5 e6 6. Bxc6 bxc6 7. e5 d5 8. O-O
Nh6 9. b3 Rb8 10. d3 Ba6 11. Na4 Bf8 12. c4 Nf5 13. Qd2 Nd4 14. Qf2 Nxf3+ 15.
Qxf3 Be7 16. Ba3 Qa5 17. Rac1 Rc8 18. Qf2 O-O 19. Bxc5 Bxc5 20. Nxc5 Rcd8 21.
Rfd1 Bc8 22. Na4 f6 23. Qe3 fxe5 24. fxe5 d4 25. Qe4 Bb7 26. Rf1 Qb4 27. Qe1
Qe7 28. Qa5 a6 29. Nc5 Rxf1+ 30. Rxf1 Rf8 31. Rxf8+ Kxf8 32. Nxb7 Qxb7 33. Qd8+
Kg7 34. Qf6+ Kh6 35. Qh4+ Kg7 36. Qf6+ Kh6 37. Qxe6 Qb4 38. Qh3+ Kg7 39. Qh4
Qd2 40. Qe4 Qd1+ 41. Kf2 Qd2+ 42. Qe2 Qf4+ 43. Kg1 Qc1+ 44. Kf2 Qf4+ 45. Qf3
Qxe5 46. g3 c5 47. Qe2 Qf6+ 48. Ke1 g5 49. a3 Qb6 50. Qe7+ Kg6 51. b4 cxb4 52.
axb4 a5 53. bxa5 Qxa5+ 54. Ke2 Qa2+ 55. Kf3 Qa1 56. Qe6+ Kg7 57. Qe5+ Kg6 58.
Ke4 Qe1+ 59. Kxd4 Qa1+ 60. Ke4 Qh1+ 61. Kd4 Qa1+ 62. Kd5 Qa8+ 63. Kc5 Qa5+ 64.
Kd6 Qa6+ 65. Kd7 Qa4+ 66. Qb5 Qa7+ 67. Kc6 Qa8+ 68. Kc7 Kh5 69. c5 Qa7+ 70. Kd6
Qa3 71. d4 Qa1 72. Qe2+ Kh6 73. d5 Qf6+ 74. Qe6 1-0

[Event "4NCL Division 3"]
[Site "Daventry Court ENG"]
[Date "2015.05.04"]
[Round "11.194"]
[White "Mirza, Gabriel"]
[Black "Hendy, Jerry S"]
[Result "1-0"]
[WhiteElo "1772"]
[BlackElo "1726"]
[PlyCount "141"]
[EventDate "2015.05.04"]
[WhiteTeam "Midland Monarchs 2"]
[BlackTeam "Throw in the Tal"]

1. b4 Nf6 2. c4 d6 3. Bb2 e5 4. d4 exd4 5. Bxd4 Nc6 6. Bc3 Be6 7. Nd2 Be7 8. e3
O-O 9. Ngf3 Bg4 10. Qc2 d5 11. b5 Nb8 12. h3 Bxf3 13. Nxf3 a6 14. Rd1 axb5 15.
cxd5 b4 16. Ba1 Na6 17. Bc4 Nc5 18. Ng5 h6 19. Nf3 Nfe4 20. O-O Bf6 21. Ne5 Qe8
22. f4 Ra3 23. Bd4 Qa4 24. Bb3 Qb5 25. Bc4 Qa4 26. Qb2 b6 27. Kh2 Ra8 28. Nc6
Bxd4 29. Qxd4 Nd6 30. Be2 Re8 31. Ne5 Nf5 32. Qc4 Nxe3 33. Qb5 Nxf1+ 34. Rxf1
Qxb5 35. Bxb5 Rd8 36. Nc6 Rxd5 37. Ne7+ Kf8 38. Nxd5 Rxa2 39. Re1 g5 40. fxg5
hxg5 41. Nxc7 Rc2 42. Nd5 b3 43. Ne3 Rd2 44. Nc4 Ra2 45. Rb1 f5 46. Nxb6 f4 47.
Bc6 Ra6 48. Nd7+ Nxd7 49. Bxd7 Ke7 50. Bb5 Rh6 51. Rxb3 g4 52. Kg1 gxh3 53.
gxh3 Rg6+ 54. Kh2 Rg3 55. Rb4 Rg5 56. Be2 Re5 57. Bg4 Kf6 58. Rxf4+ Kg5 59. Rf8
Re3 60. Rf5+ Kg6 61. Rb5 Kf6 62. h4 Re5 63. Rb6+ Kg7 64. Kg3 Re7 65. Kf4 Rf7+
66. Kg5 Rc7 67. h5 Rc5+ 68. Bf5 Rc1 69. h6+ Kg8 70. h7+ Kg7 71. Rb7+ 1-0

[Event "4NCL Division 3"]
[Site "Daventry Court ENG"]
[Date "2015.05.04"]
[Round "11.197"]
[White "Woolgar, Steve"]
[Black "Ashworth, Jaime"]
[Result "1-0"]
[WhiteElo "1705"]
[BlackElo "1052"]
[PlyCount "107"]
[EventDate "2015.05.04"]
[WhiteTeam "Throw in the Tal"]
[BlackTeam "Midland Monarchs 2"]

1. c4 e5 2. Nc3 Nc6 3. g3 Bc5 4. Bg2 d6 5. Nf3 Nf6 6. d3 h6 7. O-O O-O 8. a3
Qe7 9. b4 Bd4 10. Bb2 Bxc3 11. Bxc3 Bf5 12. e4 Bg4 13. Qd2 Rad8 14. b5 Nb8 15.
Rfe1 c6 16. a4 a6 17. b6 Nbd7 18. a5 Nc5 19. Qc2 Qe6 20. Nd2 Rd7 21. Bb2 Re8
22. f3 Bh5 23. Qc3 Rde7 24. d4 exd4 25. Qxd4 Qe5 26. Qxe5 dxe5 27. Ba3 Nd3 28.
Re3 Rd8 29. Bxe7 Rd7 30. Bf1 Rxe7 31. Rxd3 c5 32. g4 Bg6 33. Raa3 h5 34. h3
hxg4 35. hxg4 Rd7 36. Rxd7 Nxd7 37. Rd3 Nf6 38. Nb3 Kf8 39. Nxc5 Nh7 40. Nd7+
Ke8 41. Nxe5 Ng5 42. Nxg6 fxg6 43. Kg2 Ke7 44. Rd5 Nf7 45. Kg3 Ke6 46. c5 Ne5
47. Bxa6 bxa6 48. b7 Ke7 49. Rxe5+ Kd7 50. b8=Q Kc6 51. Qb6+ Kd7 52. Qd6+ Kc8
53. Re8+ Kb7 54. Qb6# 1-0

[Event "4NCL Division 3"]
[Site "Daventry Court ENG"]
[Date "2015.05.04"]
[Round "11.189"]
[White "Misyura, Ilya"]
[Black "Hall, Antony"]
[Result "1/2-1/2"]
[WhiteElo "1930"]
[BlackElo "1905"]
[PlyCount "79"]
[EventDate "2015.05.04"]
[WhiteTeam "Midland Monarchs 2"]
[BlackTeam "Anglian Avengers 3"]

1. d4 Nf6 2. c4 g6 3. Nc3 Bg7 4. e4 d6 5. Nf3 O-O 6. Be2 e5 7. O-O Nc6 8. d5
Ne7 9. b4 Ne8 10. c5 f5 11. Nd2 Nf6 12. cxd6 cxd6 13. Nc4 Nxe4 14. Nxe4 fxe4
15. Bg5 h6 16. Bxe7 Qxe7 17. Bg4 Bf5 18. Ne3 Qg5 19. Qe2 Rac8 20. Rac1 Bxg4 21.
Qxg4 Qxg4 22. Nxg4 h5 23. Ne3 Bh6 24. Rfe1 Bg5 25. a4 Kg7 26. b5 Bxe3 27. fxe3
Rfe8 28. Kf2 Rc5 29. Rxc5 dxc5 30. Rd1 b6 31. Ke2 Kf6 32. Rd2 Ke7 33. Kd1 Kd6
34. Kc2 Rf8 35. Rd1 Rf2+ 36. Rd2 Rxd2+ 37. Kxd2 Kxd5 38. Kc3 Ke6 39. g3 h4 40.
gxh4 1/2-1/2

[Event "4NCL Division 3"]
[Site "Daventry Court ENG"]
[Date "2015.05.04"]
[Round "11.192"]
[White "Ali, Niall"]
[Black "Mirza, Diana"]
[Result "1-0"]
[WhiteElo "1720"]
[BlackElo "1832"]
[PlyCount "55"]
[EventDate "2015.05.04"]
[WhiteTeam "Anglian Avengers 3"]
[BlackTeam "Midland Monarchs 2"]

1. Nf3 c5 2. g3 Nc6 3. d4 cxd4 4. Nxd4 e6 5. Bg2 Nf6 6. O-O a6 7. c4 Qc7 8. Nb3
d6 9. Bf4 e5 10. Bg5 Be7 11. h3 O-O 12. Nc3 Be6 13. Bxf6 Bxf6 14. Nd5 Qd8 15.
Rc1 Bxd5 16. Bxd5 Nb4 17. Nd2 Nxd5 18. cxd5 Be7 19. Qb3 Qd7 20. Kg2 Rac8 21.
Rc4 Rc5 22. e4 f5 23. Rxc5 dxc5 24. d6+ Kh8 25. dxe7 Qxe7 26. exf5 Rxf5 27. Qe3
b5 28. b3 1-0

[Event "4NCL Division 3"]
[Site "Daventry Court ENG"]
[Date "2015.05.04"]
[Round "11.195"]
[White "Ashworth, Robert M"]
[Black "Woodcock, Keith"]
[Result "1/2-1/2"]
[WhiteElo "1810"]
[BlackElo "1656"]
[PlyCount "47"]
[EventDate "2015.05.04"]
[WhiteTeam "Midland Monarchs 2"]
[BlackTeam "Anglian Avengers 3"]

1. e4 c5 2. Nf3 g6 3. g3 Bg7 4. Bg2 Nc6 5. O-O Nf6 6. Qe2 d5 7. d3 dxe4 8. dxe4
O-O 9. Rd1 Qc7 10. Nc3 Bg4 11. Be3 b6 12. h3 Bxf3 13. Bxf3 Rad8 14. Rxd8 Rxd8
15. Rd1 Nd4 16. Bxd4 cxd4 17. Nb5 Qc5 18. c3 e5 19. b4 Qe7 20. Qc4 a6 21. Na3
dxc3 22. Qxc3 Rxd1+ 23. Bxd1 Nxe4 24. Qe1 1/2-1/2

[Event "4NCL Division 3"]
[Site "Daventry Court ENG"]
[Date "2015.05.04"]
[Round "11.190"]
[White "Lamont, Richard"]
[Black "Pink, Joshua"]
[Result "1-0"]
[WhiteElo "1893"]
[BlackElo "1850"]
[PlyCount "147"]
[EventDate "2015.05.04"]
[WhiteTeam "Anglian Avengers 3"]
[BlackTeam "Throw in the Tal"]

1. e4 e5 2. Nf3 Nc6 3. d4 Nxd4 4. Nxd4 exd4 5. Qxd4 Ne7 6. Bc4 Nc6 7. Qe3 Bb4+
8. c3 Ba5 9. O-O Bb6 10. Qg3 Qf6 11. Bf4 d6 12. Nd2 Be6 13. Bb5 Qg6 14. Rfe1
Qxg3 15. hxg3 O-O-O 16. Bxc6 bxc6 17. a3 f6 18. c4 g5 19. Be3 Bxe3 20. Rxe3 h5
21. Rc1 c5 22. b4 cxb4 23. axb4 h4 24. Ra3 hxg3 25. fxg3 Kb7 26. Nb3 c6 27. Nd4
Bd7 28. Rca1 Ra8 29. c5 Rhe8 30. cxd6 Rxe4 31. Nb3 Rxb4 32. Kf2 c5 33. Nxc5+
Kc6 34. Rc3 Rb2+ 35. Kg1 Rb5 36. Ne4+ Kd5 37. Nxf6+ Ke6 38. Ne4 Kd5 39. Nxg5
Kxd6 40. Rd3+ Kc7 41. Rc1+ Kb6 42. Rd6+ Ka5 43. Ra1+ Kb4 44. Rxd7 Rxg5 45.
Raxa7 Rxa7 46. Rxa7 Rxg3 47. Rc7 Rg8 48. Re7 Kc3 49. Re4 Kd3 50. Rh4 Ke3 51.
Kh2 Rg7 52. Kh3 Rg8 53. g3 Kf3 54. Rf4+ Ke3 55. Rf5 Ke4 56. g4 Rh8+ 57. Kg3 Rh6
58. Rf7 Ke5 59. g5 Ke6 60. Rf1 Rh7 61. Kg4 Ke7 62. g6 Rh8 63. Kg5 Rh2 64. Rf4
Rg2+ 65. Kh6 Rh2+ 66. Kg7 Rg2 67. Re4+ Kd6 68. Kh7 Kd5 69. Re1 Rh2+ 70. Kg8 Rg2
71. g7 Rg3 72. Rh1 Ke6 73. Kh7 Kf7 74. g8=Q+ 1-0

[Event "4NCL Division 3"]
[Site "Daventry Court ENG"]
[Date "2015.05.04"]
[Round "11.193"]
[White "Scott, Ian"]
[Black "Cocks, Elliot"]
[Result "1-0"]
[WhiteElo "1735"]
[BlackElo "1780"]
[PlyCount "71"]
[EventDate "2015.05.04"]
[WhiteTeam "Throw in the Tal"]
[BlackTeam "Anglian Avengers 3"]

1. c4 e5 2. g3 Nc6 3. Bg2 Bc5 4. Nc3 d6 5. e3 Nb4 6. d3 Bf5 7. e4 Be6 8. Nge2
Nc6 9. O-O Qd7 10. Na4 O-O-O 11. a3 Bg4 12. Nac3 h5 13. Be3 h4 14. Bxc5 dxc5
15. f3 Bh3 16. Bxh3 Qxh3 17. g4 Rh6 18. Kh1 g5 19. Ng1 Qxf1 20. Qxf1 a5 21. Nd5
Nge7 22. Ne2 Kd7 23. Qc1 f6 24. Qd2 Ra8 25. Qe1 a4 26. Ndc3 Nd4 27. Nxd4 cxd4
28. Nd5 Nc6 29. Qd1 b6 30. Qc2 Ra5 31. Qd2 Ra8 32. Qd1 Ra7 33. Qe1 Na5 34. Qb4
Nb3 35. Qe7+ Kc6 36. Rd1 1-0

[Event "4NCL Division 3"]
[Site "Daventry Court ENG"]
[Date "2015.05.04"]
[Round "11.196"]
[White "Peck, Stephen"]
[Black "McCann, John"]
[Result "0-1"]
[WhiteElo "1337"]
[BlackElo "1773"]
[PlyCount "66"]
[EventDate "2015.05.04"]
[WhiteTeam "Anglian Avengers 3"]
[BlackTeam "Throw in the Tal"]

1. e4 e5 2. Nf3 Nf6 3. Nc3 Bb4 4. Bd3 O-O 5. a3 Bxc3 6. bxc3 d6 7. h3 Nbd7 8.
Qe2 Nc5 9. O-O Nh5 10. Ne1 Nf4 11. Qf3 Qg5 12. Qg3 Qh6 13. Kh2 Kh8 14. f3 Nh5
15. Qf2 Qf4+ 16. g3 Qh6 17. Bc4 Bxh3 18. d4 Nf4 19. Kg1 Nxe4 20. fxe4 Bxf1 21.
Bxf1 Nh3+ 22. Bxh3 Qxh3 23. d5 f5 24. Qh2 Qg4 25. Qh4 Qe2 26. Bb2 fxe4 27. Ng2
Rf2 28. Qh3 Raf8 29. Re1 Qxc2 30. Bc1 Qxc3 31. Be3 Rxg2+ 32. Kxg2 Qxe1 33. Bf2
Rxf2# 0-1